Mathematics of finance /
This book is about: Simple interest; Bank discount; Compound interest; Ordinary annuities; Amortization and Sinking funds; ...
Enregistré dans:
| Auteur principal: | |
|---|---|
| Autres auteurs: | , |
| Format: | Livre |
| Langue: | English |
| Publié: |
Boston :
Houghton Mifflin,
1990.
|
| Édition: | 8th ed. |
| Sujets: | |
| Tags: |
Ajouter un tag
Pas de tags, Soyez le premier à ajouter un tag!
|
| Thư viện lưu trữ: | Mạng thư viện Đại học Đà Nẵng |
|---|
| LEADER | 01046cam a2200361 i 4500 | ||
|---|---|---|---|
| 001 | 000048637 | ||
| 003 | 8359 | ||
| 005 | 20030327084035.0 | ||
| 008 | 010324|1990 vm 000 eng | ||
| 020 | |a 039543324X | ||
| 040 | |a IRC |c IRC |d IRC | ||
| 041 | 0 | |a eng | |
| 082 | 1 | 4 | |a 650.01513 |b CI-R |
| 100 | 1 | |a Cissell, Helen. | |
| 245 | 0 | 0 | |a Mathematics of finance / |c Robert Cissell, Helen Cissell, David C. Flaspohler. |
| 250 | |a 8th ed. | ||
| 260 | |a Boston : |b Houghton Mifflin, |c 1990. | ||
| 300 | |a 611p. ; |c 23.5cm. | ||
| 520 | 3 | |a This book is about: Simple interest; Bank discount; Compound interest; Ordinary annuities; Amortization and Sinking funds; ... | |
| 630 | 0 | 4 | |a Business mathematics. |
| 650 | 0 | 4 | |a Business mathematics. |
| 700 | 1 | |a Cissell, Robert. | |
| 700 | 1 | |a Flaspohler, David C. | |
| OWN | |a DUT | ||
| 999 | |a From the UDN01 | ||
| TYP | |a Monograph | ||
| TYP | |a Printed language | ||
| 980 | |a Mạng thư viện Đại học Đà Nẵng | ||


